Sports Quiz

Random Sports or Auto Racing Quiz
Score 0/10 Timer 03:00
0 Plays Today
Team % Correct
Ferrari
97.3%
Red Bull
96.4%
McLaren
95.5%
Brawn GP
89.7%
BMW Sauber
87.5%
Force India
86.5%
Renault
86.4%
Williams
84.6%
Toro Rosso
84.3%
Toyota
75.4%
Come Together.
Have Fun.
All Virtual.
We all need to come together. Play Sporcle's virtual live trivia to have fun, connect with people, and get your trivia on. Join a live hosted trivia game for your favorite pub trivia experience done virtually. If a virtual private party is more your thing, go here for details.

You're not logged in!

Compare scores with friends on all Sporcle quizzes.
OR
Log In

Sporcle TV

Today on Sporcle TV


Watch our educational content, quiz creation guides, and fun videos on Sporcle TV.

Show Comments

Extras

Top Quizzes Today


Score Distribution

Paid Content

Your Account Isn't Verified!

In order to create a playlist on Sporcle, you need to verify the email address you used during registration. Go to your Sporcle Settings to finish the process.

Report this User

Report this user for behavior that violates our Community Guidelines.

Details: